Chiffres aléatoires en 60 secondes - Statistiques

Statistiques générales
  • Ce quiz a été pris 217 fois
  • Le résultat moyen est 49 sur 60
Statistiques - réponses
Hint Réponse % Correct
7 7
87%
7 7
86%
3 3
85%
4 4
85%
7 7
85%
9 9
85%
1 1
84%
2 2
84%
2 2
84%
5 5
84%
8 8
84%
0 0
83%
0 0
83%
2 2
83%
2 2
83%
5 5
83%
5 5
83%
3 3
82%
3 3
82%
4 4
82%
4 4
82%
4 4
82%
5 5
82%
6 6
82%
6 6
82%
6 6
82%
7 7
82%
8 8
82%
8 8
82%
8 8
82%
9 9
82%
9 9
82%
0 0
81%
1 1
81%
1 1
81%
1 1
81%
2 2
81%
3 3
81%
3 3
81%
3 3
81%
4 4
81%
4 4
81%
5 5
81%
6 6
81%
6 6
81%
7 7
81%
8 8
81%
9 9
81%
0 0
80%
0 0
80%
1 1
80%
2 2
80%
4 4
80%
6 6
80%
7 7
80%
8 8
80%
9 9
80%
5 5
79%
5 5
79%
7 7
79%
8 8
79%
9 9
79%
0 0
78%
4 4
78%
4 4
78%
4 4
78%
4 4
78%
0 0
77%
2 2
77%
2 2
77%
3 3
77%
6 6
77%
0 0
76%
3 3
76%
3 3
76%
Aucun quiz correspondant
Distribution des résultats
% des personnes avec chaque résultat
Percentile par nombre de réponses
Votre historique - résultats
Vous n’avez pas pris ce quiz